<?xml version="1.0" encoding="UTF-8"?>
<record
    xmlns:xsi="http://www.w3.org/2001/XMLSchema-instance"
    xsi:schemaLocation="http://www.loc.gov/MARC21/slim http://www.loc.gov/standards/marcxml/schema/MARC21slim.xsd"
    xmlns="http://www.loc.gov/MARC21/slim">

  <leader>00477cam a2200145u  4500</leader>
  <datafield tag="082" ind1=" " ind2=" ">
    <subfield code="a">621.31924</subfield>
    <subfield code="b">RAP</subfield>
    <subfield code="c">L-10, P-5</subfield>
  </datafield>
  <datafield tag="100" ind1="1" ind2=" ">
    <subfield code="a">Raphael, Francis Charles,</subfield>
    <subfield code="9">41489</subfield>
  </datafield>
  <datafield tag="245" ind1="0" ind2="4">
    <subfield code="a">The electric wiring of buildings,</subfield>
  </datafield>
  <datafield tag="260" ind1=" " ind2=" ">
    <subfield code="a">London,</subfield>
    <subfield code="a">New York [etc.]</subfield>
    <subfield code="b">Sir I. Pitman &amp; sons, ltd.,</subfield>
    <subfield code="c">1930.</subfield>
  </datafield>
  <datafield tag="300" ind1=" " ind2=" ">
    <subfield code="a">x, 258 p.</subfield>
    <subfield code="b">illus., fold. plan.</subfield>
    <subfield code="c">19 cm.</subfield>
  </datafield>
  <datafield tag="526" ind1=" " ind2=" ">
    <subfield code="a">0</subfield>
    <subfield code="b">0</subfield>
    <subfield code="c">0</subfield>
    <subfield code="d">621_319240000000000_RAP</subfield>
  </datafield>
  <datafield tag="526" ind1=" " ind2=" ">
    <subfield code="a">0</subfield>
    <subfield code="b">0</subfield>
    <subfield code="c">0</subfield>
    <subfield code="d">621_319240000000000_RAP</subfield>
  </datafield>
  <datafield tag="650" ind1=" " ind2="0">
    <subfield code="a">MCE</subfield>
    <subfield code="9">379</subfield>
  </datafield>
  <datafield tag="942" ind1=" " ind2=" ">
    <subfield code="2">ddc</subfield>
    <subfield code="c">BK</subfield>
  </datafield>
  <datafield tag="999" ind1=" " ind2=" ">
    <subfield code="c">545585</subfield>
    <subfield code="d">545585</subfield>
  </datafield>
  <datafield tag="952" ind1=" " ind2=" ">
    <subfield code="0">0</subfield>
    <subfield code="1">0</subfield>
    <subfield code="2">ddc</subfield>
    <subfield code="4">0</subfield>
    <subfield code="7">0</subfield>
    <subfield code="a">MCE</subfield>
    <subfield code="b">MCE</subfield>
    <subfield code="d">2014-05-27</subfield>
    <subfield code="l">0</subfield>
    <subfield code="o">621.31924 RAP</subfield>
    <subfield code="p">MCE-2391</subfield>
    <subfield code="r">2014-05-27</subfield>
    <subfield code="w">2014-05-27</subfield>
    <subfield code="y">BK</subfield>
  </datafield>
  <datafield tag="952" ind1=" " ind2=" ">
    <subfield code="0">0</subfield>
    <subfield code="1">0</subfield>
    <subfield code="2">ddc</subfield>
    <subfield code="4">0</subfield>
    <subfield code="7">0</subfield>
    <subfield code="a">MCE</subfield>
    <subfield code="b">MCE</subfield>
    <subfield code="d">2014-05-27</subfield>
    <subfield code="l">0</subfield>
    <subfield code="o">621.31924 RAP</subfield>
    <subfield code="p">MCE-1683</subfield>
    <subfield code="r">2014-05-27</subfield>
    <subfield code="w">2014-05-27</subfield>
    <subfield code="y">BK</subfield>
  </datafield>
</record>
